[Event "SRI-ch (Women)"]
[Site "Nugegoda"]
[Date "2021.12.30"]
[Round "13"]
[White "Newansa, M Esandi"]
[Black "Chamthka, W A Chethani"]
[Result "1/2-1/2"]
[WhiteElo "1163"]
[BlackElo "1267"]
[PlyCount "70"]
[EventDate "2021.12.24"]
[EventType "tourn"]
[EventRounds "13"]
[EventCountry "SRI"]
[SourceTitle "CBM 205 Extra"]
[Source "ChessBase"]
[SourceDate "2022.01.31"]
[SourceVersion "1"]
[SourceVersionDate "2022.01.31"]
[SourceQuality "1"]

1. d4 Nf6 2. Bf4 g6 3. e3 Bg7 4. c3 d5 5. Nf3 b6 6. Nbd2 Bb7 7. Be2 0-0 8. h3 Nbd7 9. 0-0 Re8 10. Re1 c5 11. Qc2 Nf8 12. Rad1 c4 13. b3 b5 14. bxc4 bxc4 15. Rb1 Bc8 16. Rb2 N6d7 17. e4 Nb6 18. exd5 Qxd5 19. Ne5 Bf5 20. Qd1 Qa5 21. Ndxc4 Nxc4 22. Nxc4 Qxc3 23. Be3 Rab8 24. Qd2 Qxd2 25. Rxd2 Nd7 26. Na5 Be4 27. a3 h6 28. Bf4 e5 29. dxe5 Nxe5 30. Bf1 Bf5 31. Bxe5 Bxe5 32. Rde2 f6 33. Nc6 Rb6 34. f4 Rxc6 35. fxe5 Bd3 1/2-1/2

[Event "SRI-ch (Women)"]
[Site "Nugegoda"]
[Date "2021.12.29"]
[Round "10"]
[White "Chamthka, W A Chethani"]
[Black "Pallie, Ehsha Mishela"]
[Result "0-1"]
[WhiteElo "1267"]
[BlackElo "1533"]
[PlyCount "68"]
[EventDate "2021.12.24"]
[EventType "tourn"]
[EventRounds "13"]
[EventCountry "SRI"]
[SourceTitle "CBM 205 Extra"]
[Source "ChessBase"]
[SourceDate "2022.01.31"]
[SourceVersion "1"]
[SourceVersionDate "2022.01.31"]
[SourceQuality "1"]

1. d4 Nf6 2. c4 g6 3. Nc3 Bg7 4. Nf3 0-0 5. Bg5 d6 6. e3 Nbd7 7. Be2 c6 8. a4 a5 9. Qc2 Nb8 10. 0-0 Na6 11. Na2 Qc7 12. h3 e5 13. Nd2 Be6 14. Rfe1 Nd7 15. dxe5 dxe5 16. e4 Ndc5 17. Be3 f5 18. f3 Kh8 19. Rab1 Qe7 20. Nb3 fxe4 21. fxe4 Nxe4 22. Bf3 Nec5 23. Nxc5 Nxc5 24. Nc3 Bxh3 25. Rf1 Bf5 26. Be4 Nxe4 27. Nxe4 Qh4 28. Bc5 Bxe4 29. Qe2 Bxb1 30. Bxf8 Rxf8 31. Rxb1 Qd4+ 32. Kh2 Rf5 33. Rd1 Rh5+ 34. Kg3 Qf4# 0-1

[Event "SRI-ch (Women)"]
[Site "Nugegoda"]
[Date "2021.12.27"]
[Round "7"]
[White "Abeysinghe, HMH Janandani"]
[Black "Chamthka, W A Chethani"]
[Result "1-0"]
[WhiteElo "1486"]
[BlackElo "1267"]
[PlyCount "113"]
[EventDate "2021.12.24"]
[EventType "tourn"]
[EventRounds "13"]
[EventCountry "SRI"]
[SourceTitle "CBM 205 Extra"]
[Source "ChessBase"]
[SourceDate "2022.01.31"]
[SourceVersion "1"]
[SourceVersionDate "2022.01.31"]
[SourceQuality "1"]

1. e4 d6 2. d4 Nf6 3. Nc3 g6 4. Bg5 Bg7 5. Qd2 0-0 6. 0-0-0 c6 7. f3 b5 8. Bh6 Na6 9. h4 b4 10. Nce2 Qa5 11. Kb1 e5 12. h5 Be6 13. Nc1 Nc7 14. hxg6 fxg6 15. Bxg7 Kxg7 16. dxe5 dxe5 17. Qh6+ Kf7 18. Nb3 Qb6 19. Nh3 Bxh3 20. Qxh3 Rad8 21. Bc4+ Ke7 22. Qg3 Rxd1+ 23. Rxd1 Nd7 24. Qh4+ Nf6 25. Qg5 Ne6 26. Qxe5 Nd5 27. exd5 cxd5 28. Bxd5 Rd8 29. Re1 Rd6 30. Bxe6 Rxe6 31. Qxe6+ Qxe6 32. Rxe6+ Kxe6 33. Kc1 Ke5 34. g3 h5 35. Kd2 Kf5 36. Ke3 g5 37. Nd4+ Ke5 38. Nc6+ Kf5 39. Nxb4 h4 40. gxh4 gxh4 41. Nd3 h3 42. Nf2 h2 43. c4 Ke6 44. f4 Kf5 45. c5 Ke6 46. b4 Kd5 47. f5 Ke5 48. c6 Kd6 49. f6 Kxc6 50. f7 Kd7 51. f8Q Kc7 52. Qf6 Kd7 53. Kd4 Ke8 54. Qg7 a6 55. Ke5 a5 56. Ke6 a4 57. Qe7# 1-0

[Event "SRI-ch (Women)"]
[Site "Nugegoda"]
[Date "2021.12.26"]
[Round "5"]
[White "Ranganath, Tharuli Vihasna"]
[Black "Chamthka, W A Chethani"]
[Result "1/2-1/2"]
[WhiteElo "1348"]
[BlackElo "1267"]
[PlyCount "78"]
[EventDate "2021.12.24"]
[EventType "tourn"]
[EventRounds "13"]
[EventCountry "SRI"]
[SourceTitle "CBM 205 Extra"]
[Source "ChessBase"]
[SourceDate "2022.01.31"]
[SourceVersion "1"]
[SourceVersionDate "2022.01.31"]
[SourceQuality "1"]

1. e4 d6 2. d4 Nf6 3. Nc3 g6 4. Be3 Bg7 5. f3 0-0 6. Qd2 e5 7. d5 c6 8. Bc4 Qc7 9. dxc6 bxc6 10. Nge2 Bb7 11. 0-0 Nbd7 12. Bb3 Nb6 13. a4 Ba6 14. Rfd1 Rfd8 15. a5 Nc4 16. Bxc4 Bxc4 17. b3 Be6 18. Qe1 d5 19. Bg5 h6 20. Bh4 g5 21. Bf2 Bf8 22. exd5 cxd5 23. Qd2 Bc5 24. Bxc5 Qxc5+ 25. Kh1 Rac8 26. Rdc1 e4 27. Na4 Qc7 28. Nd4 Bd7 29. b4 Qc4 30. c3 Bxa4 31. Rxa4 Kh7 32. Ra2 a6 33. Rb2 Nd7 34. h4 Ne5 35. Rbb1 Nd3 36. Rc2 Kg6 37. g3 Re8 38. f4 e3 39. f5+ Kf6 1/2-1/2